[Event "Baden-ch U16"]
[Site "Karlsruhe Durlach"]
[Date "2012.01.03"]
[Round "4"]
[White "Weh, Christopher"]
[Black "Frei, Alexander"]
[Result "1-0"]
[WhiteElo "1304"]
[BlackElo "1420"]
[PlyCount "58"]
[EventDate "2012.01.02"]
[EventType "swiss"]
[EventRounds "7"]
[EventCountry "GER"]
[SourceTitle "EXT 2015"]
[Source "ChessBase"]
[SourceDate "2014.11.20"]
[SourceVersion "1"]
[SourceVersionDate "2014.11.20"]
[SourceQuality "1"]

1. e4 e5 2. Nf3 Nc6 3. d4 exd4 4. Bc4 Bb4+ 5. Bd2 Bxd2+ 6. Qxd2 Nge7 7. Nxd4 Nxd4 8. Qxd4 0-0 9. 0-0 d6 10. Nc3 Nc6 11. Qe3 Ne5 12. Bd3 c6 13. Rad1 Be6 14. Rfe1 Bg4 15. Rd2 Qe7 16. f4 Nxd3 17. cxd3 Bd7 18. Qg3 Rfe8 19. Rf2 f6 20. Ree2 Rac8 21. Qe3 Qd8 22. Qxa7 b6 23. Qa3 Be6 24. b3 Ra8 25. Qb2 b5 26. Rc2 Qb6 27. a4 b4 28. Ne2 Qa7 29. Rxc6 Qd4 1-0

[Event "Baden-ch U16"]
[Site "Karlsruhe Durlach"]
[Date "2012.01.02"]
[Round "1"]
[White "Ehret, Thomas"]
[Black "Frei, Alexander"]
[Result "1-0"]
[WhiteElo "1771"]
[BlackElo "1420"]
[PlyCount "55"]
[EventDate "2012.01.02"]
[EventType "swiss"]
[EventRounds "7"]
[EventCountry "GER"]
[SourceTitle "EXT 2015"]
[Source "ChessBase"]
[SourceDate "2014.11.20"]
[SourceVersion "1"]
[SourceVersionDate "2014.11.20"]
[SourceQuality "1"]

1. e4 e5 2. Nf3 Nc6 3. Bb5 a6 4. Ba4 Nf6 5. 0-0 b5 6. Bb3 Be7 7. Re1 0-0 8. a4 b4 9. d3 d6 10. h3 Na5 11. Ba2 Rb8 12. Nbd2 Bb7 13. c3 bxc3 14. bxc3 Nd7 15. d4 Kh8 16. Nf1 f5 17. exf5 Rxf5 18. d5 c6 19. Ng3 Rf8 20. c4 cxd5 21. cxd5 Rc8 22. Ne4 Nf6 23. Neg5 Nc4 24. Ne6 Qe8 25. Nxf8 Qxf8 26. Bg5 Bxd5 27. Bxf6 Bxf3 28. Bxe7 1-0

[Event "Baden-ch U16"]
[Site "Karlsruhe Durlach"]
[Date "2012.01.02"]
[Round "2"]
[White "Frei, Alexander"]
[Black "Engesser, Jonas"]
[Result "0-1"]
[WhiteElo "1420"]
[BlackElo "1662"]
[PlyCount "56"]
[EventDate "2012.01.02"]
[EventType "swiss"]
[EventRounds "7"]
[EventCountry "GER"]
[SourceTitle "EXT 2015"]
[Source "ChessBase"]
[SourceDate "2014.11.20"]
[SourceVersion "1"]
[SourceVersionDate "2014.11.20"]
[SourceQuality "1"]

1. e4 c5 2. Nf3 d6 3. Nc3 Nf6 4. d4 cxd4 5. Nxd4 Nc6 6. Bc4 e6 7. 0-0 Be7 8. Re1 a6 9. Nxc6 bxc6 10. e5 Nd5 11. Nxd5 cxd5 12. exd6 Qxd6 13. Bd3 e5 14. f3 0-0 15. Kh1 f5 16. c4 d4 17. Qe2 Bf6 18. Qc2 g6 19. g4 Bh4 20. Rf1 fxg4 21. Bh6 Rxf3 22. Be4 Bf5 23. Rxf3 gxf3 24. Bd5+ Qxd5 25. Qxf5 f2+ 26. cxd5 gxf5 27. Kg2 f4 28. Rc1 Rd8 0-1